[Event "ESP-ch rapid"]
[Site "Linares"]
[Date "2017.08.13"]
[Round "1"]
[White "Martin Galvez, Manuel"]
[Black "Santos Latasa, Jaime"]
[Result "0-1"]
[WhiteElo "1879"]
[BlackElo "2524"]
[PlyCount "82"]
[EventDate "2017.08.13"]
[EventType "swiss (rapid)"]
[EventRounds "9"]
[EventCountry "ESP"]
[SourceTitle "CBM 179 Extra"]
[Source "ChessBase"]
[SourceDate "2017.08.23"]
[SourceVersion "1"]
[SourceVersionDate "2017.08.23"]
[SourceQuality "1"]

1. c4 e5 2. e3 Nf6 3. a3 g6 4. Qc2 Bg7 5. d3 0-0 6. b3 c6 7. Bb2 Re8 8. Nd2 d5 9. cxd5 cxd5 10. Ngf3 Nc6 11. Be2 Bf5 12. Rc1 Rc8 13. Qb1 e4 14. dxe4 Nxe4 15. Nxe4 Bxe4 16. Qa1 Qa5+ 17. b4 Nxb4 18. 0-0 Bxb2 19. Qxb2 Nd3 20. Bxd3 Bxd3 21. Rfe1 Qa6 22. h4 Be4 23. Nd4 h5 24. f3 Bd3 25. Rc3 Bc4 26. Rec1 Rcd8 27. f4 Qf6 28. Qf2 b5 29. f5 Re4 30. g3 Rde8 31. fxg6 Qxf2+ 32. Kxf2 fxg6 33. Rb1 a6 34. Nc6 Rf8+ 35. Kg2 Rf6 36. Nd4 Re8 37. a4 bxa4 38. Ra1 Ref8 39. Rc2 Rf1 40. Rxa4 Bd3 41. Ne6 Bxc2 0-1